Flugzeugkokarden - Europa - Statistiken

Allgemein
  • Dieses Quiz wurde 248 mal gespielt
  • Das Durchschnittsergebnis liegt bei 17 aus 36
Antwortstatistiken
Bildquiz Antwort % Korrekt
Deutschland
95%
Schweiz
93%
Tschechien
84%
Spanien
80%
Slowakei
74%
Irland
72%
Finnland
70%
Ukraine
70%
Belgien
63%
Schweden
62%
Estland
60%
Vereinigtes Königreich
59%
Albanien
54%
Lettland
50%
Norwegen
50%
Polen
50%
Malta
48%
Rumänien
48%
Griechenland
47%
Bulgarien
46%
Italien
44%
Russland
44%
Frankreich
43%
Österreich
41%
Luxemburg
34%
Montenegro
34%
Niederlande
34%
Ungarn
34%
Portugal
28%
Dänemark
21%
Moldawien
21%
Kroatien
17%
Slowenien
17%
Serbien
15%
Litauen
14%
Mazedonien
12%
Keine übereinstimmenden Quizze gefunden
Verteilung der Resultate
Anzahl Personen mit jedem Resultat
Perzentil nach korrekt beantworteten Fragen
Ihre Resultats-Entwicklung
Sie haben dieses Quiz noch nicht gespielt